[Event "Muensterland Verbandsliga 0809"]
[Site "Germany"]
[Date "2009.01.31"]
[Round "6.4"]
[White "List, Jonathan"]
[Black "Zivkov, Viktor"]
[Result "1-0"]
[WhiteElo "2009"]
[BlackElo "1841"]
[PlyCount "41"]
[EventDate "2008.09.20"]
[EventType "team-tourn"]
[EventRounds "9"]
[EventCountry "GER"]
[SourceTitle "EXT 2010"]
[Source "ChessBase"]
[SourceDate "2010.11.25"]
[SourceVersion "1"]
[SourceVersionDate "2010.11.25"]
[SourceQuality "1"]
[WhiteTeam "Muenster SK II"]
[BlackTeam "Bocholt"]
[WhiteTeamCountry "GER"]
[BlackTeamCountry "GER"]

1. e4 c5 2. Nf3 d6 3. d4 cxd4 4. Nxd4 Nf6 5. Nc3 a6 6. Bc4 e6 7. Bb3 Be7 8. 0-0 Qc7 9. f4 0-0 10. f5 e5 11. Nf3 b5 12. Bg5 b4 13. Nd5 Nxd5 14. Bxd5 Qb6+ 15. Kh1 Ra7 16. Bxe7 Rxe7 17. f6 gxf6 18. Qd2 Kg7 19. Nh4 Rg8 20. Rxf6 Kh8 21. Bxf7 1-0

[Event "Muensterland Verbandsliga 0809"]
[Site "Germany"]
[Date "2009.01.10"]
[Round "5.3"]
[White "Ringwelski, Marius"]
[Black "Zivkov, Viktor"]
[Result "1-0"]
[WhiteElo "2040"]
[BlackElo "1841"]
[PlyCount "53"]
[EventDate "2008.09.20"]
[EventType "team-tourn"]
[EventRounds "9"]
[EventCountry "GER"]
[SourceTitle "EXT 2010"]
[Source "ChessBase"]
[SourceDate "2010.11.25"]
[SourceVersion "1"]
[SourceVersionDate "2010.11.25"]
[SourceQuality "1"]
[WhiteTeam "Sendenhorst"]
[BlackTeam "Bocholt"]
[WhiteTeamCountry "GER"]
[BlackTeamCountry "GER"]

1. Nf3 Nf6 2. c4 d6 3. d4 g6 4. Nc3 Bg7 5. e4 0-0 6. Be2 Na6 7. 0-0 c6 8. Rb1 c5 9. d5 Ne8 10. Re1 f5 11. Ng5 Nac7 12. Bd3 e5 13. dxe6 Nxe6 14. Nxe6 Bxe6 15. exf5 Bxf5 16. Bxf5 Rxf5 17. Nd5 Re5 18. Bf4 Rxe1+ 19. Qxe1 Kf7 20. Qe4 Qd7 21. Re1 Bf8 22. Qf3 Kg8 23. h3 Qf7 24. Qg3 Nf6 25. Nxf6+ Qxf6 26. b3 Rd8 27. Bg5 1-0

[Event "Muensterland Verbandsliga 0708"]
[Site "Germany"]
[Date "2007.10.13"]
[Round "2.5"]
[White "Schlattmann, Martin"]
[Black "Zivkov, Viktor"]
[Result "1/2-1/2"]
[WhiteElo "1802"]
[BlackElo "1841"]
[PlyCount "24"]
[EventDate "2007.09.08"]
[EventType "team"]
[EventRounds "9"]
[EventCountry "GER"]
[SourceTitle "EXT 2009"]
[Source "ChessBase"]
[SourceDate "2008.11.26"]
[SourceVersion "1"]
[SourceVersionDate "2008.11.26"]
[SourceQuality "1"]
[WhiteTeam "Stadtlohn"]
[BlackTeam "Bocholt"]
[WhiteTeamCountry "GER"]
[BlackTeamCountry "GER"]

1. d4 d5 2. Nf3 Nf6 3. Bg5 e6 4. e3 Be7 5. Bd3 Nbd7 6. c3 0-0 7. Nbd2 c5 8. Rc1 b6 9. 0-0 Bb7 10. Bb1 Ne4 11. Bf4 f5 12. Ne5 Nxe5 1/2-1/2

[Event "Muensterland Verbandsliga 0607"]
[Site "Germany"]
[Date "2006.10.28"]
[Round "2.5"]
[White "Hater, Wolfgang"]
[Black "Zivkov, Viktor"]
[Result "1/2-1/2"]
[WhiteElo "2071"]
[BlackElo "1869"]
[PlyCount "85"]
[EventDate "2006.09.16"]
[EventType "team"]
[EventRounds "9"]
[EventCountry "GER"]
[SourceTitle "EXT 2008"]
[Source "ChessBase"]
[SourceDate "2007.11.25"]
[SourceVersion "1"]
[SourceVersionDate "2007.11.25"]
[SourceQuality "1"]
[WhiteTeam "Suedlohn"]
[BlackTeam "Bocholt"]
[WhiteTeamCountry "GER"]
[BlackTeamCountry "GER"]

1. e4 c5 2. Nf3 d6 3. d3 Nc6 4. Bg5 Qc7 5. c3 Bg4 6. Be2 e5 7. 0-0 Be7 8. Qc1 Nf6 9. Nbd2 0-0 10. Re1 Rfe8 11. Nf1 Rac8 12. Ne3 Be6 13. Bh4 h6 14. Nd2 Qd7 15. Bg3 d5 16. exd5 Nxd5 17. Nec4 f6 18. a4 b6 19. Qc2 Qc7 20. Bh5 Red8 21. Bg6 Bf8 22. Rad1 Nde7 23. Bh5 g6 24. Be2 Bg7 25. h3 Kf7 26. Bh2 a6 27. h4 h5 28. Nf3 b5 29. axb5 axb5 30. Ncd2 Nf5 31. Ra1 Qb7 32. Qb1 Ra8 33. Rxa8 Rxa8 34. Ne4 Bf8 35. Bg3 Qd7 36. Nfd2 Nh6 37. f3 Nf5 38. Bf2 Qd5 39. g4 Ng7 40. Qc1 Na5 41. d4 cxd4 42. cxd4 Rc8 43. Qa1 1/2-1/2

[Event "Muensterland Verbandsliga 0405"]
[Site "Muensterland"]
[Date "2005.05.07"]
[Round "9.4"]
[White "Rublack, Ralf"]
[Black "Zivkov, Viktor"]
[Result "1-0"]
[WhiteElo "1992"]
[BlackElo "1879"]
[PlyCount "75"]
[EventDate "2004.09.18"]
[EventType "team"]
[EventRounds "9"]
[EventCountry "GER"]
[SourceTitle "EXT 2006"]
[Source "ChessBase"]
[SourceDate "2005.11.24"]
[SourceVersion "1"]
[SourceVersionDate "2005.11.24"]
[SourceQuality "1"]
[WhiteTeam "Suedlohn"]
[BlackTeam "Bocholt"]
[WhiteTeamCountry "GER"]
[BlackTeamCountry "GER"]

1. d4 Nf6 2. Nf3 d5 3. c3 e6 4. Bg5 Be7 5. e3 0-0 6. Nbd2 Nbd7 7. Bd3 c5 8. 0-0 b6 9. Ne5 Bb7 10. f4 Ne4 11. Bxe7 Qxe7 12. Nxd7 Qxd7 13. Qe2 f5 14. Nf3 Qe7 15. Ne5 Rf6 16. Bxe4 dxe4 17. Rfd1 cxd4 18. Rxd4 Rd8 19. Rad1 Rxd4 20. Rxd4 Bc8 21. Qd2 Rf8 22. Rd6 Qc7 23. Qd4 Re8 24. g3 Kf8 25. Qd1 Kg8 26. Rd4 Qe7 27. h4 Qc5 28. Kf2 Qb5 29. b3 Qc5 30. Qd2 b5 31. Rd8 Qe7 32. Rd6 Qc7 33. Ke1 Kf8 34. Rd4 Ke7 35. Kd1 a6 36. Kc2 Rd8 37. Rxd8 Qxd8 38. Nc6+ 1-0

[Event "Muensterland Verbandsliga 0405"]
[Site "Muensterland"]
[Date "2005.04.16"]
[Round "8.4"]
[White "Zivkov, Viktor"]
[Black "Hemmert, Michael"]
[Result "0-1"]
[WhiteElo "1879"]
[BlackElo "1946"]
[PlyCount "70"]
[EventDate "2004.09.18"]
[EventType "team"]
[EventRounds "9"]
[EventCountry "GER"]
[SourceTitle "EXT 2006"]
[Source "ChessBase"]
[SourceDate "2005.11.24"]
[SourceVersion "1"]
[SourceVersionDate "2005.11.24"]
[SourceQuality "1"]
[WhiteTeam "Bocholt"]
[BlackTeam "Rheine Klein Berlin"]
[WhiteTeamCountry "GER"]
[BlackTeamCountry "GER"]

1. e4 g6 2. d4 Bg7 3. f4 d6 4. Nf3 Nf6 5. Bd3 c6 6. 0-0 0-0 7. Kh1 Qc7 8. c3 Nbd7 9. Nbd2 b5 10. Qe2 e5 11. dxe5 dxe5 12. f5 Nc5 13. Bc2 a5 14. Nb3 Na4 15. Nbd2 Ba6 16. Bxa4 bxa4 17. c4 Qd6 18. fxg6 fxg6 19. b3 Nh5 20. g3 Rad8 21. Bb2 a3 22. Bc3 a4 23. Kg2 Bc8 24. Rad1 Bg4 25. h3 Bc8 26. Nb1 Qe6 27. Ng1 Rxd1 28. Rxd1 axb3 29. axb3 Bh6 30. Nxa3 Bf4 31. Be1 Qe7 32. Nc2 Qg5 33. Qd3 Bxg3 34. Nf3 Bxh3+ 35. Kh1 Qg4 0-1

[Event "Muensterland Verbandsliga 0405"]
[Site "Muensterland"]
[Date "2004.10.09"]
[Round "2.4"]
[White "Zivkov, Viktor"]
[Black "Kortenbusch, Christoph"]
[Result "1/2-1/2"]
[WhiteElo "1879"]
[BlackElo "1993"]
[PlyCount "74"]
[EventDate "2004.09.18"]
[EventType "team"]
[EventRounds "9"]
[EventCountry "GER"]
[SourceTitle "EXT 2006"]
[Source "ChessBase"]
[SourceDate "2005.11.24"]
[SourceVersion "1"]
[SourceVersionDate "2005.11.24"]
[SourceQuality "1"]
[WhiteTeam "Bocholt"]
[BlackTeam "Olfen"]
[WhiteTeamCountry "GER"]
[BlackTeamCountry "GER"]

1. e4 c5 2. c4 Nc6 3. Nc3 g6 4. g3 Bg7 5. Bg2 e6 6. Nge2 Nge7 7. 0-0 0-0 8. d3 d6 9. Be3 Nd4 10. Qd2 Re8 11. f4 f5 12. Kh1 Rb8 13. Bg1 Nec6 14. Nxd4 Nxd4 15. Ne2 Nxe2 16. Qxe2 b5 17. Rab1 Bd7 18. Qc2 Qc7 19. b3 a5 20. Rfd1 Rec8 21. Be3 Bc6 22. Bc1 Bd4 23. Bb2 Qg7 24. Re1 fxe4 25. Bxe4 d5 26. Bg2 bxc4 27. Bxd4 Qxd4 28. dxc4 dxc4 29. Qxc4 Qxc4 30. bxc4 Bxg2+ 31. Kxg2 Kf7 32. Rb5 Rxb5 33. cxb5 a4 34. Rc1 c4 35. Kf3 c3 36. Ke4 Rc4+ 37. Kd3 Rb4 1/2-1/2

[Event "Muensterland Verbandsliga 0304"]
[Site "Germany"]
[Date "2004.04.24"]
[Round "9.6"]
[White "Kaufhold, Thomas"]
[Black "Zivkov, Viktor"]
[Result "1-0"]
[WhiteElo "2005"]
[BlackElo "1762"]
[PlyCount "81"]
[EventDate "2003.09.27"]
[EventType "team"]
[EventRounds "9"]
[EventCountry "GER"]
[SourceTitle "EXT 2005"]
[Source "ChessBase"]
[SourceDate "2004.11.15"]
[SourceVersion "1"]
[SourceVersionDate "2004.11.15"]
[SourceQuality "1"]
[WhiteTeam "Muenster III"]
[BlackTeam "Bocholt"]
[WhiteTeamCountry "GER"]
[BlackTeamCountry "GER"]

1. d4 d5 2. Nf3 Nf6 3. c4 c6 4. Nc3 e6 5. e3 Be7 6. Bd3 Nbd7 7. 0-0 0-0 8. b3 b6 9. Bb2 Bb7 10. e4 dxe4 11. Nxe4 c5 12. Ng3 cxd4 13. Nxd4 Nc5 14. Bc2 Nce4 15. Qe2 Nxg3 16. hxg3 a6 17. Rad1 Qc7 18. Rfe1 Bb4 19. Rf1 Rfd8 20. Kh2 Qc5 21. Nxe6 fxe6 22. Qxe6+ Kf8 23. Bxf6 Re8 24. Qd7 Qh5+ 25. Kg1 Qf7 26. Bg5 h6 27. Qxf7+ Kxf7 28. Rd7+ Be7 29. Bxe7 Rxe7 30. Rfd1 Bc6 31. Bg6+ Kf6 32. R1d6+ Re6 33. Rxe6+ Kxe6 34. Rxg7 Kf6 35. Rc7 Bxg2 36. Kxg2 Kxg6 37. Rc6+ Kg5 38. Rxb6 h5 39. Rd6 a5 40. Rd5+ Kg6 41. f4 1-0

[Event "Muensterland Verbandsliga 0304"]
[Site "Germany"]
[Date "2004.02.28"]
[Round "7.5"]
[White "Zivkov, Viktor"]
[Black "Stoeckmann, Helmut"]
[Result "1/2-1/2"]
[WhiteElo "1762"]
[BlackElo "2169"]
[PlyCount "26"]
[EventDate "2003.09.27"]
[EventType "team"]
[EventRounds "9"]
[EventCountry "GER"]
[SourceTitle "EXT 2005"]
[Source "ChessBase"]
[SourceDate "2004.11.15"]
[SourceVersion "1"]
[SourceVersionDate "2004.11.15"]
[SourceQuality "1"]
[WhiteTeam "Bocholt"]
[BlackTeam "Neuenkirchen"]
[WhiteTeamCountry "GER"]
[BlackTeamCountry "GER"]

1. d4 Nf6 2. c4 e6 3. g3 Bb4+ 4. Nd2 Nc6 5. Ngf3 0-0 6. Bg2 Ne4 7. 0-0 Nxd2 8. Bxd2 Bxd2 9. Qxd2 d6 10. Qc3 Qf6 11. b4 e5 12. dxe5 Nxe5 13. Nxe5 Qxe5 1/2-1/2

[Event "Muensterland Verbandsliga 0304"]
[Site "Germany"]
[Date "2004.01.10"]
[Round "5.5"]
[White "Hemmert, Michael"]
[Black "Zivkov, Viktor"]
[Result "1/2-1/2"]
[WhiteElo "1927"]
[BlackElo "1762"]
[PlyCount "107"]
[EventDate "2003.09.27"]
[EventType "team"]
[EventRounds "9"]
[EventCountry "GER"]
[SourceTitle "EXT 2005"]
[Source "ChessBase"]
[SourceDate "2004.11.15"]
[SourceVersion "1"]
[SourceVersionDate "2004.11.15"]
[SourceQuality "1"]
[WhiteTeam "Rheine Klein Berlin"]
[BlackTeam "Bocholt"]
[WhiteTeamCountry "GER"]
[BlackTeamCountry "GER"]

1. f4 f5 2. Nf3 Nf6 3. g3 b6 4. Bg2 Bb7 5. 0-0 e6 6. c4 Be7 7. Nc3 0-0 8. d3 c5 9. Qc2 d5 10. cxd5 exd5 11. Ng5 Qd7 12. e4 d4 13. Qb3+ Kh8 14. Nb5 g6 15. Ne6 Rc8 16. exf5 Bxg2 17. Kxg2 gxf5 18. Re1 a6 19. Na3 b5 20. Ng5 Nc6 21. Qe6 Qd5+ 22. Kg1 Re8 23. Bd2 Qxe6 24. Rxe6 Nd8 25. Re5 c4 26. Rae1 Nc6 27. Rxf5 Bxa3 28. Rxf6 Bxb2 29. Rxc6 c3 30. Nf7+ Kg7 31. Ne5 cxd2 32. Rd1 Bc3 33. Rc7+ Kg8 34. Kf2 Rac8 35. Rxc8 Rxc8 36. Nf3 a5 37. Nxd2 b4 38. Nc4 a4 39. g4 b3 40. axb3 axb3 41. f5 b2 42. Rb1 Ra8 43. Kg3 Ra1 44. Rxb2 Bxb2 45. Nxb2 Ra3 46. Kf4 Rb3 47. Nc4 Rxd3 48. Ke4 Rh3 49. Kxd4 Rxh2 50. Ke4 Kg7 51. Ne5 h6 52. Nf3 Ra2 53. g5 Ra4+ 54. Ke5 1/2-1/2

[Event "Muensterland Verbandsliga 0203"]
[Site "Muensterland"]
[Date "2003.03.29"]
[Round "8.5"]
[White "Zivkov, Viktor"]
[Black "Rebber, Christian"]
[Result "0-1"]
[WhiteElo "1771"]
[BlackElo "2154"]
[PlyCount "70"]
[EventDate "2002.09.21"]
[EventType "team"]
[EventRounds "9"]
[EventCountry "GER"]
[SourceTitle "EXT 2004"]
[Source "ChessBase"]
[SourceDate "2003.11.25"]
[SourceVersion "1"]
[SourceVersionDate "2003.11.25"]
[SourceQuality "1"]
[WhiteTeam "Bocholt"]
[BlackTeam "Ahaus Wessum"]
[WhiteTeamCountry "GER"]
[BlackTeamCountry "GER"]

1. e4 c5 2. Nc3 Nc6 3. g3 g6 4. Bg2 Bg7 5. d3 d6 6. f4 Nf6 7. Nf3 0-0 8. 0-0 Rb8 9. a4 a6 10. h3 b5 11. axb5 axb5 12. g4 b4 13. Ne2 Bb7 14. Be3 Nd7 15. c3 Qc7 16. d4 Na5 17. Ng3 Nc4 18. Qe2 Nxe3 19. Qxe3 bxc3 20. bxc3 Ra8 21. f5 Ra5 22. h4 Rfa8 23. Rac1 Ra3 24. Qf4 Qb6 25. Kh2 Ra2 26. h5 Rb2 27. Nh4 cxd4 28. cxd4 gxh5 29. Nxh5 Bxd4 30. Qg5+ Kf8 31. Qh6+ Ke8 32. Qxh7 Nf6 33. Nxf6+ Bxf6 34. Nf3 Kd7 35. g5 Rh8 0-1